Український здвиг. Прикарпаття. 1939-1955 (Запис № 17564)

000 -Маркер запису
Контрольне поле сталої довжини 01934nam a22002537a 4500
005 - Дата коректування
Контрольне поле 20260429144907.0
008 - Кодовані дані
Контрольне поле сталої довжини 260429b |||||||| |||| 00| 0 ukr d
020 ## - Індекс ISBN
ISBN 966-7060-73-Х
Ціна 30.00
040 ## - Джерело каталогіз.
Код мови каталог. укр.
041 ## - Код мови видання
Код мови оригіналу українська
Код мови тексту українська
080 ## - Індекс УДК
Індекс УДК 94(477)
090 ## - Шифри
Поличний індекс 94(477)
Авторський знак С 32
100 ## - Автор
Автор Сергійчук,Володимир
245 ## - Назва
Назва Український здвиг. Прикарпаття. 1939-1955
Фізичний носій Текст
260 ## - Вихідні дані
Місце видання Київ
Видавництво Українська Видавнича Спілка
Дата видання 2005
300 ## - Фізичний опис
Обсяг 840 с.
Тип одиниці В опр.
490 ## - Серія
№ тому Т.3.
520 ## - Анотація
Анотація У черговій книзі п'ятитомного видання документів і матеріалів про український національно-визвольний рух за відновлення і утвердження власної держави з початком Другої світової війни, розповідається про пробудження національної свідомості українців Карпатського краю, котрі протягом багатьох століть були поневолені чужинцями. На конкретних фактах показано, як поряд із жертовним відродженням українства по обох схилах Карпат у 1939-1941 роках готувався плацдарм для розгортання визвольної боротьби на Великій Україні.
521 ## - Примітка про цільове призначення
Примітка про цільове призначення Для широкого кола читачів
546 ## - Примітка про мову
Примітка про мову укр.
650 ## - Тематичні рубрики
Основна рубрика Науково-популярна література
Типове ділення Історія України ХХ століття
653 ## - Ключові слова
Ключові слова Національно-визвольних рух
-- Друга світова війна
-- Відродження українства
942 ## - ADDED ENTRY ELEMENTS (KOHA)
Джерело класифікації чи схема поличного розташування
Koha item type Книги
Фонди
Статус вилучення Статус втрати/відсутності Джерело класифікації чи схема поличного розташування Статус пошкодження Тип обігу (не для випозичання) Постійне розташування Поточне розташування Розташування у відділі Дата надходження Інвентарний номер Total Checkouts Повний (примірниковий) шифр зберігання Штрих-код Date last seen Дата, для якої чинна ціна заміни Тип одиниці (рівень примірника)
          Публічна бібліотека Публічна бібліотека Абонемент 29/04/2026 55313   94(477) 19346 29/04/2026 29/04/2026 Книги

Працює на АБІС Коха